000
00301nam a22001217a 4500
999
_c
162571
_d
162571
082
_a
_b
100
_a
Sasidharan
245
_a
Malayalam sahithya vividh adhyayam/
_c
by Sasidharan.
260
_a
New Delhi:
_b
Jawaharlal Nehru Memorial Fund,
_c
2008.
300
_a
128p.
650
_a
942
_c
BK